01089nam a22002297a 45000010005000000030006000050050017000110080041000280200013000690400029000820820008001111000019001192450145001382600054002833000049003374900035003865050009004215200343004305210029007735210021008027000036008239915FISKH20260316154247.0260316b cb ||||| |||| 00| 0 eng d a1366901X aFISKHbengcFISKHdFISKH a421 aErrera , Eglal aAlphabet battle /cStory inspired by Jewish legend , written by Eglal Errera with the help of Louma Errera : Illustrated by Giulia Orecchia  aMontrouge , France : bBayard Presses , c2019 .  a50 pages : bcolor illustrations ; c23 cm . aStory Box : More than a book ! aL  aAlphabet Battle is a playful children’s story about letters that argue over who should be first in the alphabet. Each letter explains why it is important, leading to a funny “battle.” In the end, the letters agree that A will be the first letter. The book helps young readers learn about the alphabet in a fun and imaginative way. 8 a550 bLexile estimate 8 aL bRaz-Plus  aOrecchia , GiuliaeIllustrated